| 000 | 00444nam a2200157 i 4500 | ||
|---|---|---|---|
| 001 | 70065 | ||
| 003 | ES-MaACL | ||
| 005 | 20230906170717.0 | ||
| 007 | t| | ||
| 008 | 040716s1940 sp ||||1| spa d | ||
| 100 | 0 |
_aGarcía-Morato y Castaño, Joaquín. _954994 |
|
| 245 | 1 | 0 |
_aGuerra en el aire / _cJoaquín García Morato. |
| 260 |
_aMadrid : _b[s.n., _c1940] ( _fUguina) |
||
| 300 |
_a213 p. ; _c22 cm. |
||
| 852 |
_aES-MaACL _jA-5227 _bR.18333 |
||
| 999 |
_c70065 _d70065 |
||